La casa de Abadatti y otras ficciones

Guardat en:
Dades bibliogràfiques
Autor principal: Pinochet, Héctor (Autor)
Format: Llibre
Idioma:espanyol
Publicat: Santiago Logos 1989
Matèries:
Etiquetes: Afegir etiqueta
Sense etiquetes, Sigues el primer a etiquetar aquest registre!

MARC

LEADER 00000nam a2200000 a 4500
001 UCX1598
003 CL-VaPUC
008 901003e19890000CL |||||||||||||||||spa|d
082 0 4 |a Ch863  |b PIN  |2 21 
100 0 |a Pinochet, Héctor  |e author  |9 317147 
245 1 3 |a La casa de Abadatti y otras ficciones 
300 |a 216 p 
942 |c BK 
945 |d 19901003 00:00:00 
260 |a Santiago  |b Logos  |c 1989 
650 0 |a Novelas chilenas   |9 265425 
583 |a last modification  |c 19901003 00:00:00  |k Rodrigo Vera 
999 |c 222791  |d 222789